00850nam a2200205 i 4500001000700000003000900007005001700016007000300033008004100036100002900077245017400106260005400280300002600334500005300360500003900413530003500452651002600487852002100513856011000534102911ES-MaACL20230906183219.0t|001115s1683 sp |||| | spa d1 aFranco Clemente, Martin.10aOrdinaciones reales de la ciudad de Calatayud / chechas por don Martin Franco Climente ... para la insaculacion general de la dicha ciudad, hecha en el año de 1683... aEn Calatayud : bpor Christobal Galvez, c[1683?] a[4], 50 p. ; c28 cm. aPort. con orla tip. y esc. xilogr. de la ciudad. aAño tomado del título en port. aDisponible en formato digital. 4aCalatayud-xHistoria. aES-MaACLjR-3405 uhttps://bvpb.mcu.es/es/consulta/registro.do?id=577775 zBiblioteca Virtual del Patrimonio Bibliográfico